1980s Music Legends by Picture - Statistics

General Stats
  • This quiz has been taken 162 times
  • The average score is 9 of 16
Answer Stats
Picture Answer % Correct
Michael Jackson
98%
Madonna
87%
a-ha
86%
Bruce Springsteen
86%
Tina Turner
86%
Eurythmics
76%
Hall & Oates
68%
Bonnie Tyler
63%
Run-D.M.C.
54%
Sade
51%
Huey Lewis
50%
Duran Duran
48%
Robert Palmer
35%
Nena
22%
Vangelis
6%
Yello
5%
No matching quizzes found
Score Distribution
Percent of People with Each Score
Percentile by Number Answered
Your Score History
You have not taken this quiz